The romance character of Romanian

Sábháilte in:
Sonraí bibleagrafaíochta
Príomhchruthaitheoir: Graur, Alexandru
Formáid: LEABHAR
Teanga:Undetermined
Foilsithe / Cruthaithe: Bucarest, Rumania House of the Academy of the Socialist Republic of Romania 1967
Ábhair:
Clibeanna: Cuir clib leis
Níl clibeanna ann, Bí ar an gcéad duine le clib a chur leis an taifead seo!

MARC

LEADER 00000nam a2200000Ia 4500
008 170316s9999 xx 000 0 und d
040 |a cru BVZT 
090 |a 859 G-3r 
100 |a Graur, Alexandru 
245 4 |a The romance character of Romanian 
260 |a Bucarest, Rumania 
260 |b House of the Academy of the Socialist Republic of Romania 
260 |c 1967 
300 |a 72 páginas 
650 |a LITERATURA RUMANA 
999 |c 8255  |d 8255 
942 |c 15 D  |h 859 G-3r  |2 z